Every Super Bowl Loser - Statistics

General Stats
  • This quiz has been taken 23 times
  • The average score is 55 of 59
Answer Stats
Super Bowl Losing Team % Correct
XXXII Green Bay Packers
100%
LIX Kansas City Chiefs
100%
LV Kansas City Chiefs
100%
I Kansas City Chiefs
100%
LVII Philadelphia Eagles
100%
XXXIX Philadelphia Eagles
100%
XV Philadelphia Eagles
100%
XLV Pittsburgh Steelers
100%
XXX Pittsburgh Steelers
100%
LVIII San Francisco 49ers
100%
LIV San Francisco 49ers
100%
XLVII San Francisco 49ers
100%
LI Atlanta Falcons
95%
XXXIII Atlanta Falcons
95%
III Baltimore Colts
95%
XXVIII Buffalo Bills
95%
XXVII Buffalo Bills
95%
XXVI Buffalo Bills
95%
XXV Buffalo Bills
95%
XLI Chicago Bears
95%
LVI Cincinnati Bengals
95%
XXIII Cincinnati Bengals
95%
XVI Cincinnati Bengals
95%
XLIV Indianapolis Colts
95%
LIII Los Angeles Rams
95%
XIV Los Angeles Rams
95%
XI Minnesota Vikings
95%
IX Minnesota Vikings
95%
VIII Minnesota Vikings
95%
IV Minnesota Vikings
95%
LII New England Patriots
95%
XLVI New England Patriots
95%
XLII New England Patriots
95%
XXXI New England Patriots
95%
XX New England Patriots
95%
XXXV New York Giants
95%
XXXVI St. Louis Rams
95%
XLIII Arizona Cardinals
91%
XLVIII Denver Broncos
91%
XXIV Denver Broncos
91%
XXII Denver Broncos
91%
XXI Denver Broncos
91%
XII Denver Broncos
91%
XXXVII Oakland Raiders
91%
II Oakland Raiders
91%
XXIX San Diego Chargers
91%
XLIX Seattle Seahawks
91%
XL Seattle Seahawks
91%
L Carolina Panthers
86%
XXXVIII Carolina Panthers
86%
XIII Dallas Cowboys
86%
X Dallas Cowboys
86%
V Dallas Cowboys
86%
XIX Miami Dolphins
86%
XVII Miami Dolphins
86%
VI Miami Dolphins
86%
XVIII Washington Redskins
86%
VII Washington Redskins
86%
XXXIV Tennessee Titans
82%
No matching quizzes found
Score Distribution
Percent of People with Each Score
Percentile by Number Answered
Your Score History
You have not taken this quiz